[Event "Olomouc 2010 - Seniors Open"]
[Site "Olomouc (CZE), Hotel Sigma"]
[Date "2010.08.07"]
[Round "3"]
[White "Golcman, Evgeny"]
[Black "Travnicek, Petr"]
[Result "1/2-1/2"]
[WhiteElo "2270"]
[BlackElo "2166"]
[PlyCount "42"]
[EventDate "2010.08.05"]

1. c4 e5 2. g3 Nc6 3. Bg2 g6 4. Nc3 Bg7 5. Nf3 Nge7 6. d3 d6 7. O-O O-O 8. Bd2
h6 9. a3 Be6 10. b4 Qd7 11. b5 Nd8 12. Rc1 Bh3 13. a4 Bxg2 14. Kxg2 c6 15. Qb3
Ne6 16. Qa3 Rfd8 17. a5 Nf5 18. a6 b6 19. bxc6 Qxc6 20. Nd5 Kh7 21. Bc3 Nc5
1/2-1/2

[Event "Olomouc 2010 - Seniors Open"]
[Site "Olomouc (CZE), Hotel Sigma"]
[Date "2010.08.07"]
[Round "3"]
[White "Puobis, Jozef"]
[Black "Kearsley, Raymond"]
[Result "0-1"]
[WhiteElo "1955"]
[BlackElo "1871"]
[PlyCount "40"]
[EventDate "2010.08.05"]

1. e4 c5 2. d4 cxd4 3. Qxd4 Nc6 4. Qd3 g6 5. Nf3 Bg7 6. Nc3 Nf6 7. Nd5 O-O 8.
c3 d6 9. Be2 Nxd5 10. exd5 Bf5 11. Qb5 Ne5 12. Nxe5 Bxe5 13. Qxb7 Qa5 14. Qb5
Bxc3+ 15. Kf1 Qxb5 16. Bxb5 Bd4 17. a4 Rfc8 18. Bc6 Rab8 19. Ra2 e6 20. Ke2
exd5 0-1

[Event "Olomouc 2010 - Seniors Open"]
[Site "Olomouc (CZE), Hotel Sigma"]
[Date "2010.08.07"]
[Round "3"]
[White "Sejkora, Vlastimil"]
[Black "Lubimov, Anatoly"]
[Result "1-0"]
[WhiteElo "2162"]
[BlackElo "2235"]
[PlyCount "106"]
[EventDate "2010.08.05"]

1. e4 g6 2. d4 c6 3. c4 d5 4. Nc3 dxe4 5. Nxe4 Bg7 6. Be3 Nh6 7. Nf3 Bg4 8. Be2
Nf5 9. Qb3 Qa5+ 10. Nfd2 Bxe2 11. Kxe2 b6 12. Nf3 O-O 13. Rhd1 Nd7 14. Rac1 Qa6
15. a4 Nf6 16. Nxf6+ Bxf6 17. g4 Nxe3 18. fxe3 Rad8 19. h4 Rfe8 20. Kf2 Qc8 21.
g5 Bg7 22. Qc2 f6 23. h5 fxg5 24. hxg6 Rf8 25. gxh7+ Kh8 26. Ke2 Qg4 27. Rf1 e5
28. dxe5 Qh5 29. Qe4 g4 30. Nd4 Qh2+ 31. Kd3 Rxf1 32. Rxf1 c5 33. Qxg4 Qxe5 34.
Rf5 Qe7 35. Rd5 cxd4 36. Rxd8+ Qxd8 37. exd4 Qf8 38. Qh3 a5 39. b3 Qf6 40. Qg4
Qf1+ 41. Ke4 Qh1+ 42. Kf5 Qxh7+ 43. Ke6 Qg8+ 44. Kd7 Qf7+ 45. Kc8 Qf6 46. d5
Bf8 47. Qd7 Bc5 48. Kc7 Qe5+ 49. d6 Qg3 50. Qe6 Kg7 51. Kc6 Qf3+ 52. Qd5 Qxb3
53. Qe5+ Kf7 1-0

[Event "Olomouc 2010 - Seniors Open"]
[Site "Olomouc (CZE), Hotel Sigma"]
[Date "2010.08.08"]
[Round "4.1"]
[White "Sejkora, Vlastimil"]
[Black "Zoltek, Tadeusz"]
[Result "0-1"]
[WhiteElo "2162"]
[BlackElo "2183"]
[PlyCount "64"]
[EventDate "2010.08.05"]

1. e4 e6 2. d4 d5 3. e5 c5 4. Qg4 Qa5+ 5. Bd2 Qb6 6. b3 Nc6 7. Nf3 Nxd4 8. Nxd4
cxd4 9. Bd3 Bd7 10. O-O Ne7 11. Re1 Bb5 12. c4 dxc3 13. Bxb5+ Qxb5 14. Nxc3 Qd7
15. Rac1 Nf5 16. a4 Be7 17. Nb5 O-O 18. Rc7 Qd8 19. Rec1 a6 20. Nd4 h5 21. Nxf5
hxg4 22. Nxe7+ Kh7 23. h3 f6 24. exf6 Rxf6 25. hxg4 Rf7 26. Bg5 Qd6 27. R1c3
Rxe7 28. Rxe7 Qe5 29. Rh3+ Kg6 30. f4 Qd6 31. Re3 Qc5 32. Kh2 Qxe3 0-1

[Event "Olomouc 2010 - Seniors Open"]
[Site "Olomouc (CZE), Hotel Sigma"]
[Date "2010.08.08"]
[Round "4.3"]
[White "Travnicek, Petr"]
[Black "Spurny, Antonin"]
[Result "1/2-1/2"]
[WhiteElo "2166"]
[BlackElo "1938"]
[PlyCount "27"]
[EventDate "2010.08.05"]

1. Nf3 d5 2. b3 Nf6 3. Bb2 e6 4. e3 Be7 5. Be2 c5 6. O-O Nc6 7. d4 O-O 8. Nbd2
b6 9. Rc1 Bb7 10. c4 cxd4 11. Nxd4 Nxd4 12. Bxd4 Rc8 13. Bf3 Qd6 14. cxd5
1/2-1/2

[Event "Olomouc 2010 - Seniors Open"]
[Site "Olomouc (CZE), Hotel Sigma"]
[Date "2010.08.08"]
[Round "5.1"]
[White "Zoltek, Tadeusz"]
[Black "Golcman, Evgeny"]
[Result "1/2-1/2"]
[WhiteElo "2183"]
[BlackElo "2270"]
[PlyCount "32"]
[EventDate "2010.08.05"]

1. c4 f5 2. Nc3 Nf6 3. g3 d6 4. d4 g6 5. Bg2 Bg7 6. Nh3 O-O 7. d5 c5 8. O-O Na6
9. Nf4 Nc7 10. h4 Rb8 11. a4 a6 12. Bd2 b5 13. axb5 axb5 14. cxb5 Nxb5 15. Nxb5
Rxb5 16. Bc3 Qb6 1/2-1/2

[Event "Olomouc 2010 - Seniors Open"]
[Site "Olomouc (CZE), Hotel Sigma"]
[Date "2010.08.08"]
[Round "5.3"]
[White "Horyna, Josef"]
[Black "Travnicek, Petr"]
[Result "1/2-1/2"]
[WhiteElo "1909"]
[BlackElo "2166"]
[PlyCount "22"]
[EventDate "2010.08.05"]

1. d4 Nf6 2. Nf3 e6 3. g3 b6 4. Bg2 Bb7 5. O-O Be7 6. c4 O-O 7. Nc3 Ne4 8. Qc2
f5 9. Ne1 d5 10. cxd5 exd5 11. Nd3 Nc6 1/2-1/2

[Event "Olomouc 2010 - Seniors Open"]
[Site "Olomouc (CZE), Hotel Sigma"]
[Date "2010.08.09"]
[Round "6.1"]
[White "Gosek, Zenon"]
[Black "Zoltek, Tadeusz"]
[Result "1/2-1/2"]
[WhiteElo "2073"]
[BlackElo "2183"]
[PlyCount "24"]
[EventDate "2010.08.05"]

1. d4 d5 2. c4 e6 3. e3 Nf6 4. Nc3 Be7 5. Nf3 O-O 6. Bd3 Nbd7 7. O-O dxc4 8.
Bxc4 c5 9. dxc5 Nxc5 10. Qxd8 Rxd8 11. b3 b6 12. Bb2 Bb7 1/2-1/2

[Event "Olomouc 2010 - Seniors Open"]
[Site "Olomouc (CZE), Hotel Sigma"]
[Date "2010.08.09"]
[Round "6.2"]
[White "Golcman, Evgeny"]
[Black "Sejkora, Vlastimil"]
[Result "1-0"]
[WhiteElo "2270"]
[BlackElo "2162"]
[PlyCount "61"]
[EventDate "2010.08.05"]

1. c4 Nf6 2. Nc3 g6 3. d4 Bg7 4. g3 d6 5. Bg2 O-O 6. Nf3 Nc6 7. O-O a6 8. b3
Rb8 9. Bb2 Bg4 10. h3 Bxf3 11. Bxf3 Nd7 12. e3 e5 13. dxe5 Ndxe5 14. Bg2 Nb4
15. Rb1 Re8 16. Qd2 a5 17. Rbd1 c6 18. Ba1 f5 19. e4 Nf7 20. exf5 gxf5 21. Ne2
Be5 22. Nd4 f4 23. gxf4 Bg7 24. Rfe1 Qd7 25. f5 Re5 26. a3 Na6 27. Kh1 Nc7 28.
Rg1 Kf8 29. Qd3 Bh6 30. Qg3 Rxf5 31. Qg4 1-0

[Event "Olomouc 2010 - Seniors Open"]
[Site "Olomouc (CZE), Hotel Sigma"]
[Date "2010.08.10"]
[Round "7.1"]
[White "Spurny, Antonin"]
[Black "Golcman, Evgeny"]
[Result "1/2-1/2"]
[WhiteElo "1938"]
[BlackElo "2270"]
[PlyCount "48"]
[EventDate "2010.08.05"]

1. d4 Nf6 2. Nf3 g6 3. Bf4 c5 4. e3 Bg7 5. c3 b6 6. Nbd2 O-O 7. Bd3 Bb7 8. Qe2
Nc6 9. O-O d6 10. a3 Qd7 11. Rad1 Rad8 12. Bb5 Qc8 13. Rfe1 a6 14. Bd3 b5 15.
e4 Nh5 16. Be3 e5 17. dxc5 dxc5 18. Bb1 Nf4 19. Qf1 c4 20. Bb6 Rd7 21. b3 cxb3
22. Nxb3 Ne6 23. Rxd7 Qxd7 24. c4 bxc4 1/2-1/2

[Event "Olomouc 2010 - Seniors Open"]
[Site "Olomouc (CZE), Hotel Sigma"]
[Date "2010.08.10"]
[Round "7.3"]
[White "Sejkora, Vlastimil"]
[Black "Gosek, Zenon"]
[Result "1-0"]
[WhiteElo "2162"]
[BlackElo "2073"]
[PlyCount "77"]
[EventDate "2010.08.05"]

1. e4 c5 2. g3 Nc6 3. Bg2 g6 4. Ne2 Bg7 5. c3 e5 6. d3 Nge7 7. O-O d5 8. Nd2
O-O 9. exd5 Nxd5 10. Ne4 b6 11. Qb3 Na5 12. Qa4 h6 13. c4 Bd7 14. Qa3 Nb4 15.
Qc3 Bg4 16. f3 Be6 17. Rd1 Bxc4 18. Bxh6 Nd5 19. Qd2 Ba6 20. Bxg7 Kxg7 21. N2c3
Nb4 22. f4 Qd4+ 23. Nf2 Rad8 24. Ne2 Qd6 25. fxe5 Qxe5 26. Ng4 Qh5 27. Qc3+ f6
28. h3 Nd5 29. Qc1 f5 30. Bxd5 fxg4 31. Be4 gxh3 32. Nf4 h2+ 33. Kh1 Qe5 34.
Re1 Rde8 35. Nxg6 Qxg3 36. Qc3+ Kh6 37. Nxf8 Rxf8 38. Re2 Rf2 39. Qd2+ 1-0

[Event "Olomouc 2010 - Seniors Open"]
[Site "Olomouc (CZE), Hotel Sigma"]
[Date "2010.08.10"]
[Round "7.5"]
[White "Rembowski, Krzysztof"]
[Black "Travnicek, Petr"]
[Result "0-1"]
[WhiteElo "1875"]
[BlackElo "2166"]
[PlyCount "70"]
[EventDate "2010.08.05"]

1. e4 c5 2. Nf3 d6 3. d4 cxd4 4. Nxd4 Nf6 5. Nc3 e5 6. Nb3 a6 7. Be2 Be7 8. Be3
Be6 9. Bf3 Nbd7 10. O-O O-O 11. Bg5 h6 12. Bxf6 Nxf6 13. Qe2 Rc8 14. Nd5 Bxd5
15. exd5 Qc7 16. c3 Nd7 17. g3 f5 18. Rad1 Nb6 19. Bg2 Qc4 20. Rfe1 Qxe2 21.
Rxe2 Bf6 22. f3 Rc7 23. Bh3 Bg5 24. Bf1 Nc4 25. h4 Be3+ 26. Kh2 Ba7 27. Bg2 g5
28. h5 g4 29. Nc1 gxf3 30. Bxf3 e4 31. Bg2 Rg7 32. Bh3 Rg5 33. g4 Ne3 34. Rxe3
Bxe3 35. gxf5 Rxh5 0-1

[Event "Olomouc 2010 - Seniors Open"]
[Site "Olomouc (CZE), Hotel Sigma"]
[Date "2010.08.11"]
[Round "8.5"]
[White "Gosek, Zenon"]
[Black "Perik, Alois"]
[Result "0-1"]
[WhiteElo "2073"]
[BlackElo "1867"]
[PlyCount "76"]
[EventDate "2010.08.05"]

1. e4 g6 2. c4 c5 3. Nc3 Bg7 4. Nf3 Nc6 5. d3 d6 6. h3 Nf6 7. Bg5 O-O 8. Qd2 a6
9. Be2 Bd7 10. O-O Nd4 11. Nxd4 cxd4 12. Nd5 Bc6 13. Nb4 Qc7 14. f4 e6 15. Nc2
b5 16. b3 Nd7 17. Kh1 f6 18. Bh4 f5 19. Bf3 Nc5 20. Rae1 bxc4 21. bxc4 fxe4 22.
dxe4 e5 23. fxe5 dxe5 24. Nb4 Na4 25. Nd5 Bxd5 26. cxd5 Nc3 27. Bg3 Qa5 28. Ra1
Rab8 29. Qg5 Bf6 30. Qd2 Qb5 31. Rac1 Bg7 32. Rfe1 a5 33. Bg4 a4 34. Bh4 Rf4
35. d6 Nxe4 36. Rxe4 Rxe4 37. d7 Rxg4 38. hxg4 Qxd7 0-1

[Event "Olomouc 2010 - Seniors Open"]
[Site "Olomouc (CZE), Hotel Sigma"]
[Date "2010.08.12"]
[Round "9.1"]
[White "Perik, Alois"]
[Black "Golcman, Evgeny"]
[Result "0-1"]
[WhiteElo "1867"]
[BlackElo "2270"]
[PlyCount "94"]
[EventDate "2010.08.05"]

1. c4 c5 2. Nc3 Nf6 3. g3 d5 4. cxd5 Nxd5 5. Bg2 Nc7 6. d3 e5 7. Nf3 Nc6 8. O-O
Be7 9. Nd2 Bd7 10. Nc4 f6 11. a4 O-O 12. f4 exf4 13. Bxf4 Ne6 14. Nd5 Nxf4 15.
Nxf4 Rb8 16. Bd5+ Kh8 17. Ne6 Bxe6 18. Bxe6 Ne5 19. Nxe5 Qd4+ 20. Kh1 Qxe5 21.
Qb3 Qxe2 22. Rae1 Qh5 23. Rf5 Qh6 24. Rf4 g6 25. Bd5 Bd6 26. Rh4 Qg7 27. Qc4 b6
28. b3 Rbd8 29. Qg4 Be5 30. Bc4 Rd4 31. Qh3 Qb7+ 32. Qg2 Qxg2+ 33. Kxg2 Rxh4
34. gxh4 Kg7 35. h3 Re8 36. Kf3 f5 37. Re2 Kf6 38. Re1 Rd8 39. Re2 Rd4 40. a5
Rxh4 41. Kg2 g5 42. axb6 axb6 43. Ra2 g4 44. Ra6 gxh3+ 45. Kh1 Rf4 46. Rxb6+
Kg5 47. d4 Rxd4 0-1

[Event "Olomouc 2010 - Seniors Open"]
[Site "Olomouc (CZE), Hotel Sigma"]
[Date "2010.08.12"]
[Round "9.2"]
[White "Zoltek, Tadeusz"]
[Black "Lubimov, Anatoly"]
[Result "1/2-1/2"]
[WhiteElo "2183"]
[BlackElo "2235"]
[PlyCount "28"]
[EventDate "2010.08.05"]

1. c4 e5 2. Nc3 Nc6 3. g3 g6 4. Bg2 Bg7 5. d3 Nge7 6. e3 d6 7. Nge2 O-O 8. O-O
Be6 9. Nd5 Qd7 10. e4 Rac8 11. Bd2 Bh3 12. b4 Bxg2 13. Kxg2 Nxd5 14. cxd5 Ne7
1/2-1/2

[Event "Olomouc 2010 - Seniors Open"]
[Site "Olomouc (CZE), Hotel Sigma"]
[Date "2010.08.12"]
[Round "9.3"]
[White "Divis, Jan"]
[Black "Sejkora, Vlastimil"]
[Result "0-1"]
[WhiteElo "1865"]
[BlackElo "2162"]
[PlyCount "88"]
[EventDate "2010.08.05"]

1. d4 g6 2. e4 c6 3. Nc3 d5 4. exd5 cxd5 5. Bb5+ Nc6 6. Nf3 Bg7 7. Ne5 Bd7 8.
Nxd7 Qxd7 9. O-O e6 10. Be3 Nge7 11. h3 O-O 12. Ne2 Rac8 13. c3 a6 14. Bd3 Na5
15. Qd2 Nf5 16. Bxf5 exf5 17. Bh6 Nc4 18. Qc1 Bxh6 19. Qxh6 Nxb2 20. Rab1 Nc4
21. Qc1 Rc7 22. Nf4 Rfc8 23. Rb3 b6 24. Re1 Qd6 25. g3 Rd8 26. h4 Re7 27. Rxe7
Qxe7 28. Nd3 Kg7 29. Ne5 Nxe5 30. dxe5 Qxe5 31. Rxb6 Rc8 32. f4 Qe2 33. Qf1
Qe3+ 34. Qf2 Qxc3 35. Qb2 d4 36. Qxc3 dxc3 37. Rb1 c2 38. Rc1 Rc3 39. Kf2 Kh6
40. a4 Kh5 41. Ke2 Rxg3 42. Rxc2 Rg2+ 43. Kd3 Rxc2 44. Kxc2 Kg4 0-1